Текст томруулах:    
The practical skeptic (Бичлэгийн дугаар. 146122)
000 -УДИРДЛАГА
Удирдлага 01352nam a22004097a 4500
003 - ХЯНАЛТЫН ТОО ТОДОРХОЙЛОГЧ
Код MN-UlNUM
005 - БИЧИЛТ ХИЙСЭН ОГНОО
Тухайн бичилтийг бичсэн засварласан сүүлийн огноо 20260107194532.0
008 - ЕРӨНХИЙ МЭДЭЭЛЭЛ
Ерөнхий мэдээлэл 120920s2006 nyua b 001 0 eng
020 ## - ISBN
ISBN 0072885246
-- 9780072885248
040 ## - БИЧЛЭГ ҮҮСГЭГЧ БАЙГУУЛЛАГА
Бичлэг үүсгэгч номын сангийн код МУИС-ийн номын сан
084 ## - ББК АНГИЛАЛ
Нэмэлт тусгалт Гарын авлага
ББК ангилал 60.5
Зохиогчийн гурван тэмдэгт M 44
Мэдлэгийн ялгаа 6 - Нийгэм
100 1# - ЗОХИОГЧ
Зохиогчийн нэр McIntyre, Lisa J.
245 14 - ҮНДСЭН ГАРЧИГ
Номын нэр The practical skeptic
Бага гарчгийн мэдээ Core concepts in sociology
Оролцогчдын тухай мэдээ Lisa J. McIntyre
250 ## - ДАХИН ХЭВЛЭЛТ
Дахин гаралтын дугаар 3rd ed.
260 ## - ГАРАЛТЫН МЭДЭЭ
Хэвлэгдсэн газар Boston
Хэвлэлийн газар McGraw-Hill Higher Education
Хэвлэгдсэн он 2006
300 ## - МАТЕРИАЛЫН ТОДОРХОЙЛОЛТ
хуудасны тоо xv, 269 p.
Бусад тоон мэдээлэл ill.
Хэмжээ 24 cm
500 ## - Тайлбар
Дансны дугаар БС 6089
546 ## - ХЭЛНИЙ ТУХАЙ МЭДЭЭ
Хэл Англи хэл дээр,
653 ## - Түлхүүр үг
Түлхүүр үг sociology
740 ## - НОМЫН ГАРЧИГ
Гарчиг Responding to Chaos: A Brief History of Sociology
740 ## - НОМЫН ГАРЧИГ
Гарчиг The Sociological Eye
740 ## - НОМЫН ГАРЧИГ
Гарчиг Science and Fuzzy Objects: Specialization in Sociology
740 ## - НОМЫН ГАРЧИГ
Гарчиг Who's Afraid of Sociology?
740 ## - НОМЫН ГАРЧИГ
Гарчиг The Vocabulary of Science
740 ## - НОМЫН ГАРЧИГ
Гарчиг Doing Social Research
740 ## - НОМЫН ГАРЧИГ
Гарчиг Culture
740 ## - НОМЫН ГАРЧИГ
Гарчиг Social Structure
740 ## - НОМЫН ГАРЧИГ
Гарчиг Society and Social Institutions
740 ## - НОМЫН ГАРЧИГ
Гарчиг Socialization
740 ## - НОМЫН ГАРЧИГ
Гарчиг Deviance and Social Control
740 ## - НОМЫН ГАРЧИГ
Гарчиг Stratification and Inequality
740 ## - НОМЫН ГАРЧИГ
Гарчиг Inequality and Achievement: Social Class
740 ## - НОМЫН ГАРЧИГ
Гарчиг Inequality and Ascription: Race, Ethnicity, and Gender
942 ## - ЭЛЕМЕНТИЙН ТӨРӨЛ
Зүйлийн төрөл Ном